000 00677nam a2200289Ia 4500
005 20260324133748.0
008 008 260324s9999 xx 000 0 eng d
020 _a9780203605134
037 _aEBOOK
040 _aCRL
040 _beng
040 _cCRL
041 _2eng
041 _aeng
084 _qCRL
100 _aKaren Fog Olwig; Eva Gullov
_91194297
245 0 _aChildren's Places
245 0 _bCross-Cultural Perspectives
260 _bTaylor and Francis
260 _c2003
365 _a
365 _b230
856 _uhttp://www.taylorfrancis.com/books/9780203605134
942 _cEBOOK
999 _c1793683
_d1793683